Colombianos famosos por imagen - Estadísticas

Estadísticas generales
  • Esta prueba ha sido intentada 1.909 veces
    1.190 desde el último reinicio
  • La puntuación promedio es 10 de 20
Estadísticas de respuestas
Imagen Respuesta % Correcto
Shakira
98%
Maluma
87%
James Rodríguez
83%
Pablo Escobar
79%
Karol G
78%
J Balvin
75%
Sofía Vergara
73%
Radamel Falcao
66%
Juanes
59%
Carlos Vives
58%
Gustavo Petro
48%
Gabriel García Márquez
47%
Álvaro Uribe
31%
Fanny Lu
29%
Egan Bernal
24%
Fernando Botero
20%
Carmen Villalobos
17%
Ariadna Gutiérrez
12%
John Leguizamo
10%
Fabián Ríos
8%
No se encontraron pruebas coincidentes
Distribución de puntuación
Porcentaje de gente con cada puntuación
Porcentaje por número respondido
Historial de tus puntuaciones
No has intentado esta prueba desde el último reinicio